Three Movies, Two Actors II Quiz Stats

 Plays Quiz Updated Nov 18, 2019

Score 0/16 Timer 02:00
12 Plays Today
% Correct
George Clooney
91.4%
Tom Hanks
90.8%
Tom Cruise
87.6%
Nicole Kidman
85.3%
Tina Fey
84.7%
Amy Poehler
83.9%
John Cusack
79.9%
Julia Roberts
78.7%
% Correct
Jeff Goldblum
75.3%
Dennis Quaid
68%
Geena Davis
65.7%
Joan Cusack
64%
Warren Beatty
57.1%
Goldie Hawn
53.4%
Meg Ryan
45.1%
Dabney Coleman
26.5%

You're not logged in!

Compare scores with friends on all Sporcle quizzes.
OR
Log In

Sporcle TV

Today on Sporcle TV


Watch our educational content, quiz creation guides, and fun videos on Sporcle TV.

Show Comments

Extras

Top Quizzes Today


Score Distribution

Your Account Isn't Verified!

In order to create a playlist on Sporcle, you need to verify the email address you used during registration. Go to your Sporcle Settings to finish the process.

Report this User

Report this user for behavior that violates our Community Guidelines.

Details: